Chicago Cubs: Home Run Leader Every Year - Statistics

General Stats
  • This quiz has been taken 143 times
    130 since last reset
  • The average score is 59 of 148
Answer Stats
Year Player HRs % Correct
1993 Sammy Sosa 33
94%
1994 Sammy Sosa 25
94%
1995 Sammy Sosa 36
94%
1996 Sammy Sosa 40
94%
1997 Sammy Sosa 36
94%
1998 Sammy Sosa 66
94%
1999 Sammy Sosa 63
94%
2000 Sammy Sosa 50
94%
2001 Sammy Sosa 64
94%
2002 Sammy Sosa 49
94%
2003 Sammy Sosa 40
94%
2016 Kris Bryant 39
93%
2013 Anthony Rizzo 23
89%
2014 Anthony Rizzo 32
89%
2015 Anthony Rizzo 31
89%
2017 Anthony Rizzo 32
89%
1955 Ernie Banks 44
85%
1956 Ernie Banks 28
85%
1957 Ernie Banks 43
85%
1958 Ernie Banks 47
85%
1959 Ernie Banks 45
85%
1960 Ernie Banks 41
85%
1961 Ernie Banks 29
85%
1962 Ernie Banks 37
85%
1968 Ernie Banks 32
85%
1985 Ryne Sandberg 26
84%
1989 Ryne Sandberg 30
84%
1990 Ryne Sandberg 40
84%
1992 Ryne Sandberg 26
84%
1963 Ron Santo / Billy Williams 25
78%
1966 Ron Santo 30
73%
1967 Ron Santo 31
73%
1969 Ron Santo 29
73%
1877 N/A 0
72%
1964 Billy Williams 33
71%
1965 Billy Williams 34
71%
1970 Billy Williams 42
71%
1971 Billy Williams 28
71%
1972 Billy Williams 37
71%
2023 Cody Bellinger / Christopher Morel 26
71%
1915 Cy Williams 13
69%
1916 Cy Williams 12
69%
2018 Javier Báez 34
68%
1987 Andre Dawson 49
67%
1988 Andre Dawson 24
67%
1991 Andre Dawson 31
67%
2005 Derrek Lee 46
66%
2009 Derrek Lee 39
66%
2019 Kyle Schwarber 38
63%
2020 Ian Happ 12
57%
1929 Rogers Hornsby / Hack Wilson 39
57%
1926 Hack Wilson 21
56%
1927 Hack Wilson 30
56%
1928 Hack Wilson 31
56%
1930 Hack Wilson 56
56%
2007 Alfonso Soriano 33
53%
2008 Alfonso Soriano 29
53%
2012 Alfonso Soriano 32
53%
1886 Cap Anson 10
53%
1876 Cap Anson / Paul Hines 2
53%
2006 Aramis Ramírez 38
51%
2010 Aramis Ramírez 25
51%
2021 Patrick Wisdom 28
51%
2022 Patrick Wisdom 25
51%
1983 Jody Davis / Ron Cey 24
43%
1986 Jody Davis / Gary Matthews 21
42%
2004 Moisés Alou 39
42%
1978 Dave Kingman 28
41%
1979 Dave Kingman 48
41%
1931 Rogers Hornsby 16
41%
1905 Frank Chance / Joe Tinker / Billy Maloney 2
36%
1984 Ron Cey 25
36%
1904 Frank Chance 6
34%
1909 Joe Tinker / Frank Schulte 4
34%
1908 Joe Tinker 6
33%
1902 Joe Tinker / Charlie Dexter 2
33%
1907 Johnny Evers / Frank Schulte 2
32%
1924 Gabby Hartnett 16
31%
1925 Gabby Hartnett 24
31%
1934 Gabby Hartnett 22
31%
1933 Gabby Hartnett / Babe Herman 16
31%
1981 Bill Buckner / Leon Durham 10
28%
1982 Leon Durham 22
26%
1906 Frankk Schulte 6
21%
1910 Frank Schulte 10
21%
1911 Frank Schulte 21
21%
1949 Hank Sauer 27
21%
1951 Hank Sauer 30
21%
1952 Hank Sauer 37
21%
1954 Hank Sauer 41
21%
1946 Phil Cavarretta / Bill Nicholson 8
20%
1973 Rick Monday 26
20%
1974 Rick Monday 20
20%
1976 Rick Monday 32
20%
1948 Andy Pafko 28
16%
1950 Andy Pafko 36
16%
1940 Bill Nicholson 25
15%
1941 Bill Nicholson 26
15%
1942 Bill Nicholson 21
15%
1943 Bill Nicholson 29
15%
1944 Bill Nicholson 33
15%
1945 Bill Nicholson 13
15%
1947 Bill Nicholson 26
15%
2011 Carlos Peña 28
15%
1977 Bobby Murcer 27
12%
1980 Jerry Martin 23
11%
1883 King Kelly 3
8%
1953 Ralph Kiner 28
8%
1938 Ripper Collins 13
7%
1879 Silver Flint / John Peters / Ed Williamson 1
6%
1884 Ed Williamson 27
5%
1912 Heinie Zimmerman 14
5%
1882 Silver Flint 4
5%
1920 Dave Robertson 10
4%
1888 Jimmy Ryan 16
4%
1889 Jimmy Ryan 17
4%
1892 Jimmy Ryan 10
4%
1903 Johnny Kling 3
4%
1935 Chuck Klein 21
3%
1932 Johnny Moore 13
3%
1975 Andre Thornton 18
2%
1937 Augie Galan 18
2%
1893 Bill Lange 8
2%
1895 Bill Lange 10
2%
1898 Bill Lange 5
2%
1923 Hack Miller 20
2%
1894 Bill Dahlen 15
1%
1896 Bill Dahlen 9
1%
1897 Bill Dahlen 6
1%
1936 Frank Demaree 16
1%
1887 Fred Pfeffer 16
1%
1880 George Gore 2
1%
1939 Hank Leiber 24
1%
1917 Larry Doyle 6
1%
1918 Max Flack 4
1%
1919 Max Flack 6
1%
1922 Ray Grimes 14
1%
1921 Ray Grimes / Max Flack 6
1%
1881 Tom Burns 4
1%
1913 Vic Saier 14
1%
1914 Vic Saier 18
1%
1885 Abner Dalrymple 11
0%
1878 Joe Start / Frank Hankinson / Jack Remsen 1
0%
1899 Sam Mertes 9
0%
1900 Sam Mertes 7
0%
1901 Topsy Hartsel 7
0%
1890 Walt Wilmot 13
0%
1891 Walt Wilmot 11
0%
No matching quizzes found
Score Distribution
Percent of People with Each Score
Percentile by Number Answered
Your Score History
You have not taken this quiz since the last reset